<?xml version="1.0" encoding="UTF-8"?><?xml-stylesheet type="text/xsl" href="static/style.xsl"?><OAI-PMH xmlns="http://www.openarchives.org/OAI/2.0/" xmlns:xsi="http://www.w3.org/2001/XMLSchema-instance" xsi:schemaLocation="http://www.openarchives.org/OAI/2.0/ http://www.openarchives.org/OAI/2.0/OAI-PMH.xsd"><responseDate>2026-04-13T02:12:34Z</responseDate><request verb="GetRecord" identifier="oai:www.recercat.cat:10230/34480" metadataPrefix="marc">https://recercat.cat/oai/request</request><GetRecord><record><header><identifier>oai:recercat.cat:10230/34480</identifier><datestamp>2025-12-17T01:46:57Z</datestamp><setSpec>com_2072_6</setSpec><setSpec>col_2072_452953</setSpec></header><metadata><record xmlns="http://www.loc.gov/MARC21/slim" xmlns:dcterms="http://purl.org/dc/terms/" xmlns:xsi="http://www.w3.org/2001/XMLSchema-instance" xmlns:doc="http://www.lyncode.com/xoai" xsi:schemaLocation="http://www.loc.gov/MARC21/slim http://www.loc.gov/standards/marcxml/schema/MARC21slim.xsd">
   <leader>00925njm 22002777a 4500</leader>
   <datafield ind2=" " ind1=" " tag="042">
      <subfield code="a">dc</subfield>
   </datafield>
   <datafield ind2=" " ind1=" " tag="720">
      <subfield code="a">Corsetti, Giancarlo</subfield>
      <subfield code="e">author</subfield>
   </datafield>
   <datafield ind2=" " ind1=" " tag="720">
      <subfield code="a">Dedola, Luca</subfield>
      <subfield code="e">author</subfield>
   </datafield>
   <datafield ind2=" " ind1=" " tag="720">
      <subfield code="a">Leduc, Sylvain</subfield>
      <subfield code="e">author</subfield>
   </datafield>
   <datafield ind2=" " ind1=" " tag="260">
      <subfield code="c">2018-04-26T09:57:51Z</subfield>
   </datafield>
   <datafield ind2=" " ind1=" " tag="260">
      <subfield code="c">2018-04-26T09:57:51Z</subfield>
   </datafield>
   <datafield ind2=" " ind1=" " tag="260">
      <subfield code="c">2018-03</subfield>
   </datafield>
   <datafield ind2=" " ind1=" " tag="520">
      <subfield code="a">What determines the optimal monetary trade-off between internal objectives (inflation, and output&#xd;
gap) and external objectives (competitiveness and trade imbalances) when inefficient capital&#xd;
flows cause exchange rate misalignment and distort current account positions? We characterize&#xd;
this trade-off analytically, using the workhorse model of modern monetary theory in open&#xd;
economies under incomplete markets–where inefficient capital flows and exchange rate&#xd;
misalignments can arise independently of nominal distortions. We derive a quadratic&#xd;
approximation of the utility-based global policy loss function under fairly general assumptions on&#xd;
preferences and openness, and solve for the optimal targeting rules under cooperation. We show&#xd;
that, in economies with a low degree of exchange rate pass-through, the optimal response to&#xd;
inefficient capital inflows associated with real appreciation is contractionary, above and beyond&#xd;
the natural rate: the optimal policy curbs excessive demand at the cost of exacerbating currency&#xd;
overvaluation. In contrast, a high degree of pass-through, and/or low trade elasticities, warrants&#xd;
expansionary policies that lean against exchange rate appreciation and competitive losses, at the&#xd;
cost of inefficient inflation.</subfield>
   </datafield>
   <datafield ind2=" " ind1=" " tag="520">
      <subfield code="a">The ADEMU Working Paper Series is being supported by the European Commission Horizon 2020 European Union funding for Research &amp;amp; Innovation, grant agreement No 649396.</subfield>
   </datafield>
   <datafield tag="653" ind2=" " ind1=" ">
      <subfield code="a">Currency misalignments</subfield>
   </datafield>
   <datafield tag="653" ind2=" " ind1=" ">
      <subfield code="a">Trade imbalances</subfield>
   </datafield>
   <datafield tag="653" ind2=" " ind1=" ">
      <subfield code="a">Asset markets and risk sharing</subfield>
   </datafield>
   <datafield tag="653" ind2=" " ind1=" ">
      <subfield code="a">Optimal targeting rules</subfield>
   </datafield>
   <datafield tag="653" ind2=" " ind1=" ">
      <subfield code="a">International policy cooperation</subfield>
   </datafield>
   <datafield tag="653" ind2=" " ind1=" ">
      <subfield code="a">Exchange rate pass-through</subfield>
   </datafield>
   <datafield ind2="0" ind1="0" tag="245">
      <subfield code="a">Exchange rate misalignment, capital flows, and optimal monetary policy trade-offs</subfield>
   </datafield>
</record></metadata></record></GetRecord></OAI-PMH>